| 000 | 00410nab a2200145Ia 4500 | ||
|---|---|---|---|
| 003 | ES-SlBCS | ||
| 005 | 20210601131728.0 | ||
| 008 | 140529s1950 xxu||||| |||| 00| 0 fre d | ||
| 041 | _afre | ||
| 100 | 1 |
_aMarois, Pierre _9188369 |
|
| 245 | 0 | 0 |
_aArt religieux, art sacré _c Pierre Marois |
| 650 | 0 | 4 |
_aArte Religioso _91640 |
| 773 | 0 |
_tVie Intelectuelle (La) _gnº. 3, 1950, págs. 309-321 _wRev907 |
|
| 942 | _cAR | ||
| 999 |
_c567774 _d567774 |
||